नादनदी (Record no. 302556)

MARC details
000 -LEADER
fixed length control field 00503nam a2200169Ia 4500
008 - FIXED-LENGTH DATA ELEMENTS--GENERAL INFORMATION
fixed length control field 090711s9999 xx 000 0 und d
082 ## - DEWEY DECIMAL CLASSIFICATION NUMBER
Item number 78372
100 ## - MAIN ENTRY--PERSONAL NAME
Personal name सप्रे Sाौधरी विद्या
245 ## - TITLE STATEMENT
Title नादनदी
260 ## - PUBLICATION, DISTRIBUTION, ETC. (IMPRINT)
Date of publication, distribution, etc 1996
300 ## - PHYSICAL DESCRIPTION
Extent 708
600 ## - SUBJECT ADDED ENTRY--PERSONAL NAME
Personal name सप्रे Sाौधरी विद्या
630 ## - SUBJECT ADDED ENTRY--UNIFORM TITLE
Uniform title नादनदी
700 ## - ADDED ENTRY--PERSONAL NAME
Personal name सप्रे Sाौधरी विद्या
730 ## - ADDED ENTRY--UNIFORM TITLE
Uniform title नादनदी
942 ## - ADDED ENTRY ELEMENTS (KOHA)
Koha item type Book
Holdings
Withdrawn status Lost status Damaged status Not for loan Home library Current library Date acquired Cost, normal purchase price Total Checkouts Full call number Barcode Date last seen Cost, replacement price Price effective from Koha item type
        Dadar Sarvajanik Vachanalaya, Dardar Dadar Sarvajanik Vachanalaya, Dardar 07/11/2009 350.00   78372 DASAVA-78372 07/11/2009 350.00 07/11/2009 Book